Estatísticas para Cultura Geral

Clique aqui para jogar o quiz

Estatísticas Gerais

  • Esse quiz foi jogado 14 vezes
  • A pontuação média é 7 de 15

Estatísticas das Respostas

HintResposta% Correto
Que som faz um gato quando está pedindo atenção?Miau
83%
Que país adorava um deus gato chamado Bastet?Egito
67%
Que tipo de gato é a espécie mais rápida de animal terrestre?Guepardo
67%
Em que estado dos EUA teve origem o Hula?Havaí
67%
Em que país nasceu Nicole Kidman?Austrália
58%
Qual é a cidade mais populosa do Havaí?Honolulu
58%
Qual é a segunda maior ilha da Itália?Sardenha
58%
Qual é o único país onde um leão e um tigre podem teoricamente se encontrar na natureza?Índia
50%
Um "café para gatos" é um lugar onde as pessoas podem pagar para brincar com gatos. Qual país tem mais "cafés de gatos"?Japão
50%
Em que país fica a cidade Porto de Espanha?Trinidade e Tobago
42%
Que filme apresenta gatos chamados Duquesa, Toulouse e Thomas O'Malley?Os Aristogatos
33%
De qual país os gatos siameses vieram originalmente?Tailândia
33%
Qual estado dos EUA tem o maior número de linces?Alasca
17%
Quem ganhou a primeira temporada de "American Idol"?Kelly Clarkson
17%
Em que país fica a cidade São João?Antígua e Barbuda
8%

Distribuição das Pontuações

Percentil de Números Respondidos

Porcentagem de Pessoas com Cada Pontuação

Sua Pontuação Histórica

Você não jogou esse quiz